| 000 | 01267nas a2200289 4500 | ||
|---|---|---|---|
| 001 | 000037530 | ||
| 005 | 20200930080422.0 | ||
| 008 | 120423c19859999dr ur1p dd 0 0eng d | ||
| 040 |
_aDO-SdBNP _beng _cBNPHU |
||
| 043 | _anwdr | ||
| 245 | 0 | 0 |
_aLa cotica : _bnational tourism guide. / _ctexto Rita Caminero; traductor Santiago Fittipaldi. |
| 260 |
_aSanto Domingo : _bMinisterio de Turismo de la República Dominicana, _c1985. _fLitho trade |
||
| 300 |
_av.- : _bil. ; _c21 cm. |
||
| 310 | _aAnual | ||
| 362 | 1 | _a1985 | |
| 500 | _aCatalogación basada en: Primera edición en inglés, 1985. | ||
| 515 | _aNumeración varía con el idioma. | ||
| 546 | _aPrimera edición en español y francés, 1986. | ||
| 546 | _aPrimera edición en italiano y alemán, 1988. | ||
| 546 | _aPrimera edición en holandés, 2001. | ||
| 546 | _aPrimera edición en polaco, 2006. | ||
| 546 | _aCubiertas diferentes para cada idioma, pero el contenido es el mismo. | ||
| 546 | _aPublicada en diez idiomas: español, inglés, francés, italiano, portugués, holandés, alemán, polaco, sueco y checo. | ||
| 650 | 0 |
_aTurismo _xGuías _vPUBLICACIONES PERIÓDICAS _zRepública Dominicana _963987 |
|
| 700 | 1 |
_aCaminero, Rita _eed. _963988 |
|
| 700 | 1 |
_aFittipaldi, Santiago _etr. _963989 |
|
| 999 |
_c37020 _d37020 |
||